Numéro départements - Statistiques

Statistiques générales
  • Ce quiz a été pris 161 fois
  • Le résultat moyen est 62 sur 101
Statistiques - réponses
Numéro Département % Correct
01 Ain
100%
02 Aisne
87%
03 Allier
87%
29 Finistère
87%
42 Loire
85%
2A Corse du sud
83%
2B Haute Corse
83%
06 Alpes maritimes
79%
11 Aude
79%
22 Cotes d'Armor
79%
05 Hautes Alpes
79%
10 Aube
77%
04 Alpes de Haute Provence
75%
12 Aveyron
75%
27 Eure
75%
59 Nord
75%
75 Paris
75%
13 Bouches du Rhone
73%
18 Cher
73%
28 Eure et Loir
73%
07 Ardèche
71%
36 Indre
71%
972 Martinique
71%
15 Cantal
69%
19 Corrèze
69%
23 Creuse
69%
25 Doubs
69%
30 Gard
69%
34 Hérault
69%
35 Ille et Villaine
69%
45 Loiret
69%
51 Marne
69%
08 Ardennes
67%
14 Calvados
67%
16 Charente
67%
24 Dordogne
67%
971 Guadeloupe
67%
44 Loire Atlantique
67%
09 Ariège
65%
37 Indre et Loire
65%
38 Isère
65%
39 Jura
65%
56 Morbihan
65%
69 Rhone
65%
93 Seine Saint Denis
65%
17 Charente maritime
63%
33 Gironde
63%
31 Haute Garonne
63%
74 Haute Savoie
63%
974 Réunion
63%
26 Drome
62%
32 Gers
62%
46 Lot
62%
47 Lot et Garonne
62%
50 Manche
62%
73 Savoie
62%
83 Var
62%
973 Guyane
60%
976 Mayotte
60%
60 Oise
60%
43 Haute Loire
58%
40 Landes
58%
41 Loir et Cher
58%
62 Pas de Calais
58%
77 Seine et Marne
58%
67 Bas Rhin
56%
68 Haut Rhin
56%
54 Meurthe et Moselle
56%
57 Moselle
56%
91 Essonne
54%
49 Maine et Loire
54%
53 Mayenne
54%
55 Meuse
54%
66 Pyrénées Orientales
54%
94 Val de Marne
54%
64 Pyrénées Atlantiques
52%
95 Val d'Oise
52%
84 Vaucluse
52%
78 Yvelines
52%
92 Hauts de Seine
50%
58 Nièvre
50%
81 Tarn
50%
21 Cotes d'Or
48%
52 Haute Marne
48%
65 Hautes Pyrénées
48%
90 Territoire de Belfort
48%
63 Puy de Dome
46%
71 Saône et Loire
46%
88 Vosges
46%
61 Orne
44%
80 Somme
44%
70 Haute Saône
42%
48 Lozère
42%
72 Sarthe
42%
82 Tarn et Garonne
40%
85 Vendée
40%
79 Deux Sèvres
38%
76 Seine maritime
37%
86 Vienne
35%
89 Yonne
35%
87 Haute Vienne
31%
Aucun quiz correspondant
Distribution des résultats
% des personnes avec chaque résultat
Percentile par nombre de réponses
Votre historique - résultats
Vous n’avez pas pris ce quiz